Gaming Quiz

Random Gaming or Console Quiz

System Sort: Nintendo Quiz Stats

Quiz Updated Apr 8, 2018

Challenge
Share
Tweet
Embed
Score 0/20 Timer 03:00
24 Plays Today
Question Answer Wrong Answers
The Legend of Zelda Nintendo Entertainment System
79.6%
Super Nintendo Entertainment System
6.7%
Nintendo 64
5.8%
Nintendo Gamecube
1.4%
Metroid Nintendo Entertainment System
76%
Super Nintendo Entertainment System
9.9%
Nintendo 64
4.8%
Nintendo Gamecube
2.4%
Super Metroid Super Nintendo Entertainment System
70.1%
Nintendo Entertainment System
12.4%
Nintendo 64
6.6%
Nintendo Gamecube
4.1%
Super Mario Kart Super Nintendo Entertainment System
68.9%
Nintendo Entertainment System
8%
Nintendo 64
13.9%
Nintendo Gamecube
2.7%
Super Smash Bros. Nintendo 64
63.9%
Nintendo Entertainment System
7.6%
Super Nintendo Entertainment System
15.6%
Nintendo Gamecube
6.5%
Diddy Kong Racing Nintendo 64
63.6%
Nintendo Entertainment System
5.3%
Super Nintendo Entertainment System
14.8%
Nintendo Gamecube
9.7%
Pokémon Stadium Nintendo 64
63.1%
Nintendo Entertainment System
5.1%
Super Nintendo Entertainment System
7.2%
Nintendo Gamecube
18%
The Legend of Zelda: The Wind Waker Nintendo Gamecube
62.3%
Nintendo Entertainment System
6.5%
Super Nintendo Entertainment System
9.8%
Nintendo 64
14.5%
Super Smash Bros. Melee Nintendo Gamecube
62.2%
Nintendo Entertainment System
4.4%
Super Nintendo Entertainment System
7.9%
Nintendo 64
18.9%
Dr. Mario Nintendo Entertainment System
61.6%
Super Nintendo Entertainment System
19.3%
Nintendo 64
7.7%
Nintendo Gamecube
4.7%
Donkey Kong Country Super Nintendo Entertainment System
60.6%
Nintendo Entertainment System
10.8%
Nintendo 64
18.1%
Nintendo Gamecube
3.9%
Mario Party 2 Nintendo 64
60.1%
Nintendo Entertainment System
6.4%
Super Nintendo Entertainment System
14.8%
Nintendo Gamecube
12.2%
Luigi's Mansion Nintendo Gamecube
59%
Nintendo Entertainment System
5.6%
Super Nintendo Entertainment System
11.4%
Nintendo 64
17.1%
Super Mario Bros 3 Nintendo Entertainment System
58.8%
Super Nintendo Entertainment System
24.3%
Nintendo 64
6.7%
Nintendo Gamecube
3.3%
Star Fox Super Nintendo Entertainment System
54.6%
Nintendo Entertainment System
15.7%
Nintendo 64
19.8%
Nintendo Gamecube
3.4%
Pikmin Nintendo Gamecube
51.8%
Nintendo Entertainment System
12.2%
Super Nintendo Entertainment System
11.7%
Nintendo 64
17.5%
Kirby's Adventure Nintendo Entertainment System
48.7%
Super Nintendo Entertainment System
28.9%
Nintendo 64
11.5%
Nintendo Gamecube
4.3%
Earthbound Super Nintendo Entertainment System
48.4%
Nintendo Entertainment System
20.9%
Nintendo 64
12.1%
Nintendo Gamecube
11.8%
Metroid Prime Nintendo Gamecube
43.4%
Nintendo Entertainment System
13.5%
Super Nintendo Entertainment System
20.3%
Nintendo 64
16.1%
F-Zero X Nintendo 64
37.5%
Nintendo Entertainment System
10%
Super Nintendo Entertainment System
30.5%
Nintendo Gamecube
15.3%

You're not logged in!

Compare scores with friends on all Sporcle quizzes.
Sign Up with Email
OR
Log In

You Might Also Like...

Show Comments

Extras

Top Quizzes Today


Score Distribution

Your Account Isn't Verified!

In order to create a playlist on Sporcle, you need to verify the email address you used during registration. Go to your Sporcle Settings to finish the process.

Report this User

Report this user for behavior that violates our Community Guidelines.

Details: